000 00500nam a2200181Ia 4500
008 230917s9999||||xx |||||||||||||| ||und||
020 _cRS430
040 _e235875
_aMAIN
041 _aEnglish
082 _a570 P886L(5)
100 _aPranav Kumar
245 0 _aLife sciences: Fundamentals and practice. Pt.-2
250 _a5th ed.
260 _aNew Delhi
_bPathfinder Publication
_c2016
300 _axiii, 700 p.
500 _a2461 22/11/2016 RBP17/63630 10/02/2017 Main Budget
942 _cBK
999 _c19842
_d19842